Zawodnicy grający w Chelsea i w Arsenalu w XXI wieku - Statystyki

Ogólne statystyki
  • Ten quiz został rozwiązany 95 razy
  • Średni wynik to 5 z 9
Statystyki odpowiedzi
Hint Odpowiedź % Poprawnych
Arsenal FC: 1999-2006
Chelsea FC: 2006-2014
Ashley Cole
80%
Arsenal FC: 2003-2011
Chelsea FC: 2014-2019
Cesc Fabregas
70%
Chelsea FC: 2011-2014, 2016-2019
Arsenal FC: 2019-2021
David Luiz
67%
Arsenal FC: 2018-2022
Chelsea FC: 2022-
Pierre Emerick Aubameyang
58%
Arsenal FC: 2012-2018
Chelsea FC: 2018-2021
Olivier Giroud
57%
Chelsea FC: 2004-2015
Arsenal FC: 2015-2019
Petr Cech
57%
Chelsea FC: 2013-2020
Arsenal FC: 2020-2021
Willian
57%
Chelsea FC: 2020-2023
Arsenal FC: 2023-
Kai Havertz
55%
Chelsea FC: 2018-2023
Arsenal FC: 2023-
Jorginho
45%
Nie znaleziono quizów pasujących do podanych kryteriów
Rozkład punktacji
Procent ludzi z każdym wynikiem
Percentyl według liczby udzielonych odpowiedzi
Twoja historia wyników
Nie rozwiązałeś tego quizu